000 00409nam a22001697a 4500
003 SGT
020 _a9780323609128
082 _a615.8
_bG20A
100 _aAVERS, DALE
245 _aGUCCIONE,S GERIATRIC PHYSICAL THERAPY
250 _a4TH
260 _aMISSOURI
_bELSEVIER PUB
_c2020
300 _a718
650 _aPHYSIOTHERAPY
653 _aGUCCIONE,S GERIATRIC PHYSICAL THERAPY
942 _2ddc
_cBK
999 _c23441
_d23441